000 00516nam a2200193 a 4500
001 1761206691313
003 YourLibrary
005 20251023133621.0
008 251023s1970##################000#0#eng##
020 _a9783768206815
082 0 4 _a589.222
_bSNE
100 1 _aSnell, Walter Henry,
_eauthor.
245 1 0 _aThe Boleti of Northeastern North America :
260 _bLehre : Cramer,
_c1970.
300 _a115 pages
650 0 _aBoletaceae.
942 _cENGLISH
040 _aYourLibrary
_beng
_cYourLibrary
999 _c592889
_d592889